00604nam a22002177a 450000500170000001000150001702000260003203500130005803500130007103700150008403700210009908200110012010000170013124500650014826000350021327000480024830000350029650000210033170000180035270000160037020130924151455.0 aENG-104846 a9788120345003c325.00 aEN-88379 aB-492027 bDBAD / PUB bVirtuous Pub/Ven a535.13 aGarg, Suresh aWave optics /cby Suresh Garg, Sanjay Gupta [and] C.K. Ghosh aNew Delhi bPHI Learningc2012 aM-97, Connaught Circus, bNew Delhie110001 axiv,394p. :c24cm (pbk) bill. aIncludes index  aGupta, Sanjay aGhosh, C.K.